Stress and work : (Record no. 79394)
[ view plain ]
| 000 -LEADER | |
|---|---|
| fixed length control field | 01214nam a22003257a 4500 |
| 005 - DATE AND TIME OF LATEST TRANSACTION | |
| control field | 20170705143550.0 |
| 010 ## - LCCN (DPL NO) | |
| LC control number | ENG-108542 |
| 020 ## - INTERNATIONAL STANDARD BOOK NUMBER | |
| International Standard Book Number | 9788132110880 |
| Terms of availability | 595.00 |
| 020 ## - INTERNATIONAL STANDARD BOOK NUMBER | |
| International Standard Book Number | 9788132110880 |
| Terms of availability | 675.00 |
| 035 ## - SYSTEM CONTROL NUMBER | |
| System control number | EN-92075 |
| 035 ## - SYSTEM CONTROL NUMBER | |
| System control number | B-534953-958 |
| 035 ## - SYSTEM CONTROL NUMBER | |
| System control number | B-664579 |
| 037 ## - SOURCE OF ACQUISITION | |
| Source of stock number/acquisition | DBAD/PUB |
| 037 ## - SOURCE OF ACQUISITION | |
| Source of stock number/acquisition | BSB/Ven |
| Stock number | dpl |
| 082 ## - DEWEY DECIMAL CLASSIFICATION NUMBER | |
| Classification number | 158.72 |
| 245 ## - TITLE STATEMENT | |
| Title | Stress and work : |
| Remainder of title | perspectives on understanding and managing stress / |
| Statement of responsibility, etc | edited by D. M. Pestonjee [and] Satish Pandey |
| 260 ## - PUBLICATION, DISTRIBUTION, ETC. (IMPRINT) | |
| Place of publication, distribution, etc | New Delhi |
| Name of publisher, distributor, etc | Sage Publications |
| Date of publication, distribution, etc | 2013 |
| 270 ## - ADDRESS | |
| Address | B1/I-1 Mohan Cooperative Industrial Area |
| City | New Delhi |
| Postal code | 110044 |
| 300 ## - PHYSICAL DESCRIPTION | |
| Extent | xv, 370p. : |
| Other physical details | ill. |
| Dimensions | 24cm (pbk) |
| 500 ## - GENERAL NOTE | |
| General note | Includes bibliographical references and index |
| 650 ## - SUBJECT ADDED ENTRY--TOPICAL TERM | |
| Topical term or geographic name as entry element | Job stress |
| 650 ## - SUBJECT ADDED ENTRY--TOPICAL TERM | |
| Topical term or geographic name as entry element | Stress (Psychology) |
| 650 ## - SUBJECT ADDED ENTRY--TOPICAL TERM | |
| Topical term or geographic name as entry element | Work |
| General subdivision | Psychological aspects |
| 650 ## - SUBJECT ADDED ENTRY--TOPICAL TERM | |
| Topical term or geographic name as entry element | Stress management |
| 700 ## - ADDED ENTRY--PERSONAL NAME | |
| Personal name | Pestonjee, D. M. |
| Dates associated with a name | 1939- |
| 700 ## - ADDED ENTRY--PERSONAL NAME | |
| Personal name | Pandey, Satish |
| 942 ## - ADDED ENTRY ELEMENTS (KOHA) | |
| Source of classification or shelving scheme | Dewey Decimal Classification |
| Item type | English Books |
| Call number suffix | STR |
| Classification part | 158.72 |
| Withdrawn status | Lost status | Not for loan | Collection code | Home library | Current library | Date acquired | Source of acquisition | Cost, normal purchase price | Full call number | Barcode | Copy number | Cost, replacement price | Koha item type |
|---|---|---|---|---|---|---|---|---|---|---|---|---|---|
| Non-fiction | Ashok Vihar | Ashok Vihar | 05/07/2017 | BPPD/EN/2013-14/AV/2016-17/363/BSB/IN503/28.02.2017/06.03.2017 | 675.00 | 158.72 STR | B-664579 | 1 | 675.00 | English Books | |||
| Non-fiction | Central Library | Central Library | 13/08/2014 | BSB/IN604/27.03.2014/143/25.03.2014/29.03.2014 | 595.00 | 158.72 STR | B-534953 | 1 | 595.00 | English Books | |||
| Not For Loan | Non-fiction | D.B.Act.Division | D.B.Act.Division | 16/09/2013 | DBAD/PUB | 595.00 | 158.72 STR | EN-92075 | 1 | 595.00 | English Books | ||
| Non-fiction | Karol Bagh | Karol Bagh | 13/08/2014 | BSB/IN604/27.03.2014/143/25.03.2014/29.03.2014 | 595.00 | 158.72 STR | B-534957 | 1 | 595.00 | English Books | |||
| Non-fiction | Narela | Narela | 13/08/2014 | BSB/IN604/27.03.2014/143/25.03.2014/29.03.2014 | 595.00 | 158.72 STR | B-534958 | 1 | 595.00 | English Books | |||
| Non-fiction | R.K.Puram-8 | R.K.Puram-8 | 13/08/2014 | BSB/IN604/27.03.2014/143/25.03.2014/29.03.2014 | 595.00 | 158.72 STR | B-534955 | 1 | 595.00 | English Books | |||
| Non-fiction | Sarojini Nagar | Sarojini Nagar | 13/08/2014 | BSB/IN604/27.03.2014/143/25.03.2014/29.03.2014 | 595.00 | 158.72 STR | B-534954 | 1 | 595.00 | English Books | |||
| Non-fiction | Vinoba Puri | Vinoba Puri | 13/08/2014 | BSB/IN604/27.03.2014/143/25.03.2014/29.03.2014 | 595.00 | 158.72 STR | B-534956 | 1 | 595.00 | English Books |
